000 00284nam a2200121Ia 4500
008 191201s2009 xx 000 0 und d
100 _aROBBINS,Stephen P
245 0 _aOrganizational Behavior
260 _aN. delhi
_bPHI
_c2009
300 _a716
650 _aBBA
942 _2ddc
_cBK
_010
999 _c6580
_d6580